[Event "Hoogeveen Open"]
[Site "Hoogeveen, Netherlands"]
[Date "2018.10.21"]
[Round "2.9"]
[White "Kuipers, Stefan"]
[Black "Elgersma, Simon"]
[Result "1-0"]
[WhiteElo "2467"]
[BlackElo "2237"]

1. e4 {[%clk 01:30:57]} {[%emt 00:00:02]} e6 {[%clk 01:30:47]} {[%emt
00:00:13]} 2. d4 {[%clk 01:31:22]} {[%emt 00:00:06]} d5 {[%clk 01:31:11]}
{[%emt 00:00:06]} 3. Nc3 {[%clk 01:31:47]} {[%emt 00:00:05]} Nf6 {[%clk
01:31:34]} {[%emt 00:00:07]} 4. Bg5 {[%clk 01:32:10]} {[%emt 00:00:06]} Bb4
{[%clk 01:31:53]} {[%emt 00:00:11]} 5. e5 {[%clk 01:32:32]} {[%emt 00:00:09]}
h6 {[%clk 01:32:17]} {[%emt 00:00:05]} 6. Bc1 {[%clk 01:32:33]} {[%emt
00:00:29]} Ne4 {[%clk 01:32:39]} {[%emt 00:00:09]} 7. Qg4 {[%clk 01:32:50]}
{[%emt 00:00:14]} Kf8 {[%clk 01:32:59]} {[%emt 00:00:10]} 8. Nge2 {[%clk
01:32:21]} {[%emt 00:00:59]} c5 {[%clk 01:33:09]} {[%emt 00:00:20]} 9. a3
{[%clk 01:32:07]} {[%emt 00:00:44]} h5 {[%clk 01:33:32]} {[%emt 00:00:06]} 10.
Qf4 {[%clk 01:28:42]} {[%emt 00:03:55]} Ba5 {[%clk 01:31:25]} {[%emt 00:02:37]}
11. dxc5 {[%clk 01:25:40]} {[%emt 00:03:31]} Nd7 {[%clk 01:26:07]} {[%emt
00:05:47]} 12. b4 {[%clk 01:09:23]} {[%emt 00:16:48]} Nxc3 {[%clk 01:23:34]}
{[%emt 00:03:03]} 13. Nxc3 {[%clk 01:06:18]} {[%emt 00:03:35]} Bc7 {[%clk
01:23:21]} {[%emt 00:00:42]} 14. Qd2 {[%clk 01:02:59]} {[%emt 00:03:49]} Nxe5
{[%clk 01:07:07]} {[%emt 00:16:44]} 15. Bb2 {[%clk 00:52:56]} {[%emt 00:10:33]}
Qf6 {[%clk 00:56:52]} {[%emt 00:10:45]} 16. Nd1 {[%clk 00:40:12]} {[%emt
00:13:15]} Qg6 {[%clk 00:34:40]} {[%emt 00:22:42]} 17. Ne3 {[%clk 00:37:01]}
{[%emt 00:03:41]} Bd7 {[%clk 00:30:19]} {[%emt 00:04:50]} 18. f4 {[%clk
00:29:02]} {[%emt 00:08:30]} Ng4 {[%clk 00:26:15]} {[%emt 00:04:34]} 19. Bd3
{[%clk 00:28:15]} {[%emt 00:01:17]} Qh6 {[%clk 00:24:15]} {[%emt 00:02:31]} 20.
g3 {[%clk 00:24:24]} {[%emt 00:04:21]} Nxe3 {[%clk 00:17:20]} {[%emt 00:07:26]}
21. Qxe3 {[%clk 00:24:48]} {[%emt 00:00:05]} h4 {[%clk 00:16:00]} {[%emt
00:01:50]} 22. Rf1 {[%clk 00:23:42]} {[%emt 00:01:36]} e5 {[%clk 00:11:36]}
{[%emt 00:04:54]} 23. O-O-O {[%clk 00:23:27]} {[%emt 00:00:45]} Re8 {[%clk
00:10:46]} {[%emt 00:01:20]} 24. Qd2 {[%clk 00:20:19]} {[%emt 00:03:37]} hxg3
{[%clk 00:09:18]} {[%emt 00:01:59]} 25. hxg3 {[%clk 00:20:30]} {[%emt
00:00:18]} exf4 {[%clk 00:09:30]} {[%emt 00:00:19]} 26. gxf4 {[%clk 00:16:40]}
{[%emt 00:04:20]} Bg4 {[%clk 00:08:01]} {[%emt 00:01:59]} 27. Rde1 {[%clk
00:16:53]} {[%emt 00:00:17]} Rxe1+ {[%clk 00:08:02]} {[%emt 00:00:30]} 28. Qxe1
{[%clk 00:17:18]} {[%emt 00:00:05]} Bh3 {[%clk 00:06:30]} {[%emt 00:02:01]} 29.
Rg1 {[%clk 00:11:12]} {[%emt 00:06:36]} Qxf4+ {[%clk 00:06:12]} {[%emt
00:00:48]} 30. Kb1 {[%clk 00:11:36]} {[%emt 00:00:05]} f6 {[%clk 00:02:16]}
{[%emt 00:04:27]} 31. Rxg7 {[%clk 00:09:36]} {[%emt 00:02:30]} Bd8 {[%clk
00:00:57]} {[%emt 00:01:50]} 32. Rxb7 {[%clk 00:09:19]} {[%emt 00:00:46]} Bg2
{[%clk 00:01:00]} {[%emt 00:00:27]} 33. Qe6 {[%clk 00:09:32]} {[%emt 00:00:18]}
Rh1+ {[%clk 00:00:35]} {[%emt 00:00:56]} 34. Ka2 {[%clk 00:09:56]} {[%emt
00:00:05]} 1-0

[Event "Hoogeveen Open"]
[Site "Hoogeveen, Netherlands"]
[Date "2018.10.21"]
[Round "2.10"]
[White "Hamblok, Roel"]
[Black "Kevlishvili, Robby"]
[Result "0-1"]
[WhiteElo "2275"]
[BlackElo "2461"]

1. c4 {[%clk 01:30:45]} {[%emt 00:00:14]} e5 {[%clk 01:29:30]} {[%emt
00:01:30]} 2. Nc3 {[%clk 01:31:06]} {[%emt 00:00:10]} Nf6 {[%clk 01:29:52]}
{[%emt 00:00:08]} 3. Nf3 {[%clk 01:31:27]} {[%emt 00:00:08]} Nc6 {[%clk
01:30:14]} {[%emt 00:00:08]} 4. e3 {[%clk 01:31:51]} {[%emt 00:00:07]} Bb4
{[%clk 01:30:09]} {[%emt 00:00:35]} 5. Qc2 {[%clk 01:31:55]} {[%emt 00:00:25]}
O-O {[%clk 01:29:33]} {[%emt 00:01:06]} 6. a3 {[%clk 01:27:52]} {[%emt
00:04:33]} Bxc3 {[%clk 01:29:23]} {[%emt 00:00:40]} 7. Qxc3 {[%clk 01:28:10]}
{[%emt 00:00:12]} Re8 {[%clk 01:29:42]} {[%emt 00:00:11]} 8. d3 {[%clk
01:23:27]} {[%emt 00:05:13]} a5 {[%clk 01:25:49]} {[%emt 00:04:23]} 9. b3
{[%clk 01:20:42]} {[%emt 00:03:15]} d5 {[%clk 01:14:31]} {[%emt 00:11:48]} 10.
cxd5 {[%clk 01:19:42]} {[%emt 00:01:31]} Nxd5 {[%clk 01:14:26]} {[%emt
00:00:34]} 11. Qc2 {[%clk 01:18:50]} {[%emt 00:01:22]} Nd4 {[%clk 01:05:51]}
{[%emt 00:09:06]} 12. Qb2 {[%clk 01:03:24]} {[%emt 00:15:56]} Nxf3+ {[%clk
01:04:45]} {[%emt 00:01:36]} 13. gxf3 {[%clk 01:02:42]} {[%emt 00:01:12]} Qf6
{[%clk 01:04:52]} {[%emt 00:00:22]} 14. Be2 {[%clk 01:00:36]} {[%emt 00:02:36]}
Qg6 {[%clk 01:04:18]} {[%emt 00:01:04]} 15. Bd2 {[%clk 00:58:30]} {[%emt
00:02:36]} Qg2 {[%clk 01:04:08]} {[%emt 00:00:40]} 16. Rf1 {[%clk 00:58:06]}
{[%emt 00:00:54]} Qxh2 {[%clk 01:03:23]} {[%emt 00:01:15]} 17. O-O-O {[%clk
00:57:27]} {[%emt 00:01:09]} Bh3 {[%clk 00:58:32]} {[%emt 00:05:21]} 18. Rh1
{[%clk 00:56:21]} {[%emt 00:01:36]} Qxf2 {[%clk 00:58:53]} {[%emt 00:00:09]} 19.
Rde1 {[%clk 00:53:35]} {[%emt 00:03:17]} Bg2 {[%clk 00:55:06]} {[%emt
00:04:16]} 20. Rhg1 {[%clk 00:52:07]} {[%emt 00:01:58]} Nxe3 {[%clk 00:44:37]}
{[%emt 00:10:59]} 21. Kb1 {[%clk 00:51:42]} {[%emt 00:00:55]} Nf5 {[%clk
00:43:52]} {[%emt 00:01:14]} 22. Bd1 {[%clk 00:50:17]} {[%emt 00:01:55]} Nd4
{[%clk 00:24:49]} {[%emt 00:19:33]} 23. Qc1 {[%clk 00:43:16]} {[%emt 00:07:31]}
Nxf3 {[%clk 00:20:14]} {[%emt 00:05:05]} 24. Be3 {[%clk 00:40:40]} {[%emt
00:03:07]} Qh4 {[%clk 00:18:07]} {[%emt 00:02:36]} 25. Bxf3 {[%clk 00:27:01]}
{[%emt 00:14:09]} Bxf3 {[%clk 00:18:27]} {[%emt 00:00:10]} 26. Bg5 {[%clk
00:27:24]} {[%emt 00:00:08]} Qh3 {[%clk 00:14:25]} {[%emt 00:04:32]} 27. Bf6
{[%clk 00:19:09]} {[%emt 00:08:44]} g6 {[%clk 00:14:05]} {[%emt 00:00:50]} 28.
Rg5 {[%clk 00:15:09]} {[%emt 00:04:29]} Qe6 {[%clk 00:12:31]} {[%emt 00:02:05]}
29. Rgxe5 {[%clk 00:14:42]} {[%emt 00:00:58]} Qxb3+ {[%clk 00:12:56]} {[%emt
00:00:05]} 30. Ka1 {[%clk 00:14:49]} {[%emt 00:00:23]} Rxe5 {[%clk 00:13:22]}
{[%emt 00:00:05]} 31. Bxe5 {[%clk 00:13:47]} {[%emt 00:01:32]} Bd5 {[%clk
00:13:01]} {[%emt 00:00:49]} 32. Re2 {[%clk 00:13:41]} {[%emt 00:00:37]} Re8
{[%clk 00:13:22]} {[%emt 00:00:09]} 0-1

[Event "Hoogeveen Open"]
[Site "Hoogeveen, Netherlands"]
[Date "2018.10.21"]
[Round "2.12"]
[White "Kokje, Joris"]
[Black "Karthikeyan, P."]
[Result "0-1"]
[WhiteElo "2232"]
[BlackElo "2443"]

1. d4 {[%clk 01:30:57]} {[%emt 00:00:03]} d5 {[%clk 01:30:34]} {[%emt
00:00:26]} 2. c4 {[%clk 01:31:05]} {[%emt 00:00:21]} dxc4 {[%clk 01:30:53]}
{[%emt 00:00:12]} 3. e3 {[%clk 01:31:20]} {[%emt 00:00:16]} e5 {[%clk
01:30:49]} {[%emt 00:00:34]} 4. Bxc4 {[%clk 01:30:47]} {[%emt 00:01:03]} Nc6
{[%clk 01:30:53]} {[%emt 00:00:25]} 5. Ne2 {[%clk 01:25:59]} {[%emt 00:05:18]}
Bd6 {[%clk 01:24:24]} {[%emt 00:06:59]} 6. Nbc3 {[%clk 01:24:18]} {[%emt
00:02:11]} Nf6 {[%clk 01:24:19]} {[%emt 00:00:34]} 7. a3 {[%clk 01:22:00]}
{[%emt 00:02:48]} a6 {[%clk 01:22:33]} {[%emt 00:02:17]} 8. b4 {[%clk
01:19:53]} {[%emt 00:02:36]} exd4 {[%clk 01:22:04]} {[%emt 00:00:58]} 9. Nxd4
{[%clk 01:16:06]} {[%emt 00:04:18]} Nxd4 {[%clk 01:17:09]} {[%emt 00:05:25]} 10.
Qxd4 {[%clk 01:11:26]} {[%emt 00:05:11]} b5 {[%clk 01:10:53]} {[%emt 00:06:46]}
11. Bb3 {[%clk 01:09:30]} {[%emt 00:02:26]} Bb7 {[%clk 01:10:08]} {[%emt
00:01:15]} 12. O-O {[%clk 01:08:59]} {[%emt 00:01:00]} Qe7 {[%clk 01:08:44]}
{[%emt 00:01:54]} 13. Bb2 {[%clk 01:03:19]} {[%emt 00:06:09]} Be5 {[%clk
01:07:58]} {[%emt 00:01:16]} 14. Qd2 {[%clk 01:00:37]} {[%emt 00:03:13]} Rd8
{[%clk 00:57:46]} {[%emt 00:10:42]} 15. Qe2 {[%clk 00:58:33]} {[%emt 00:02:34]}
O-O {[%clk 00:52:31]} {[%emt 00:05:44]} 16. Rfd1 {[%clk 00:52:58]} {[%emt
00:06:06]} c5 {[%clk 00:45:37]} {[%emt 00:07:24]} 17. bxc5 {[%clk 00:52:19]}
{[%emt 00:01:08]} Qxc5 {[%clk 00:45:47]} {[%emt 00:00:20]} 18. Rac1 {[%clk
00:50:27]} {[%emt 00:02:22]} Qe7 {[%clk 00:43:14]} {[%emt 00:03:01]} 19. h3
{[%clk 00:47:13]} {[%emt 00:03:46]} h6 {[%clk 00:36:46]} {[%emt 00:06:58]} 20.
Ba2 {[%clk 00:43:02]} {[%emt 00:04:41]} Bd6 {[%clk 00:32:19]} {[%emt 00:04:57]}
21. a4 {[%clk 00:40:48]} {[%emt 00:02:45]} bxa4 {[%clk 00:30:58]} {[%emt
00:01:52]} 22. Bc4 {[%clk 00:37:59]} {[%emt 00:03:19]} a3 {[%clk 00:28:32]}
{[%emt 00:02:56]} 23. Ba1 {[%clk 00:38:22]} {[%emt 00:00:06]} Qe5 {[%clk
00:27:36]} {[%emt 00:01:26]} 24. g3 {[%clk 00:37:27]} {[%emt 00:01:26]} Qf5
{[%clk 00:25:35]} {[%emt 00:02:30]} 25. Qf1 {[%clk 00:35:35]} {[%emt 00:02:23]}
Be5 {[%clk 00:17:58]} {[%emt 00:08:07]} 26. Kh2 {[%clk 00:29:46]} {[%emt
00:06:18]} Rxd1 {[%clk 00:14:29]} {[%emt 00:04:00]} 27. Rxd1 {[%clk 00:29:32]}
{[%emt 00:00:43]} Rc8 {[%clk 00:14:09]} {[%emt 00:00:51]} 28. Bd3 {[%clk
00:26:16]} {[%emt 00:03:46]} Qe6 {[%clk 00:13:52]} {[%emt 00:00:47]} 29. Ne2
{[%clk 00:25:10]} {[%emt 00:01:36]} Ne4 {[%clk 00:09:44]} {[%emt 00:04:39]} 30.
Bxe5 {[%clk 00:22:48]} {[%emt 00:02:52]} Qxe5 {[%clk 00:09:49]} {[%emt
00:00:25]} 31. Nd4 {[%clk 00:23:04]} {[%emt 00:00:14]} Qf6 {[%clk 00:07:58]}
{[%emt 00:02:21]} 32. Kg1 {[%clk 00:20:31]} {[%emt 00:03:03]} a2 {[%clk
00:02:49]} {[%emt 00:05:40]} 33. Ra1 {[%clk 00:12:38]} {[%emt 00:08:23]} Nd2
{[%clk 00:02:37]} {[%emt 00:00:42]} 34. Qd1 {[%clk 00:11:53]} {[%emt 00:01:15]}
Nf3+ {[%clk 00:02:36]} {[%emt 00:00:31]} 35. Nxf3 {[%clk 00:12:06]} {[%emt
00:00:17]} Bxf3 {[%clk 00:02:15]} {[%emt 00:00:50]} 36. Qf1 {[%clk 00:11:16]}
{[%emt 00:01:20]} Qb2 {[%clk 00:01:55]} {[%emt 00:00:50]} 37. Re1 {[%clk
00:09:06]} {[%emt 00:02:40]} Rd8 {[%clk 00:01:21]} {[%emt 00:01:04]} 38. Bc4
{[%clk 00:06:35]} {[%emt 00:03:00]} Rd2 {[%clk 00:01:15]} {[%emt 00:00:36]} 39.
e4 {[%clk 00:02:40]} {[%emt 00:04:26]} Bh5 {[%clk 00:00:34]} {[%emt 00:01:11]}
40. e5 {[%clk 00:01:28]} {[%emt 00:01:41]} Bg6 {[%clk 00:00:38]} {[%emt
00:00:25]} 41. e6 {[%clk 00:26:46]} {[%emt 00:05:13]} fxe6 {[%clk 00:30:58]}
{[%emt 00:00:10]} 42. Rxe6 {[%clk 00:27:02]} {[%emt 00:00:13]} Kh7 {[%clk
00:31:16]} {[%emt 00:00:12]} 43. Rxa6 {[%clk 00:27:12]} {[%emt 00:00:21]} Qb1
{[%clk 00:29:08]} {[%emt 00:02:38]} 44. Ra8 {[%clk 00:24:16]} {[%emt 00:03:27]}
Qxf1+ {[%clk 00:21:42]} {[%emt 00:07:56]} 45. Bxf1 {[%clk 00:24:14]} Bf7 {[%clk
00:21:42]} 0-1

[Event "Hoogeveen Open"]
[Site "Hoogeveen, Netherlands"]
[Date "2018.10.21"]
[Round "2.13"]
[White "Sparenberg, Erik"]
[Black "Warmerdam, Max"]
[Result "0-1"]
[WhiteElo "2224"]
[BlackElo "2417"]

1. e4 {[%clk 01:30:04]} {[%emt 00:00:54]} e5 {[%clk 01:30:18]} {[%emt
00:00:42]} 2. Nf3 {[%clk 01:30:27]} {[%emt 00:00:07]} Nc6 {[%clk 01:30:39]}
{[%emt 00:00:08]} 3. Bb5 {[%clk 01:30:43]} {[%emt 00:00:10]} a6 {[%clk
01:30:09]} {[%emt 00:01:06]} 4. Ba4 {[%clk 01:31:04]} {[%emt 00:00:09]} d6
{[%clk 01:30:17]} {[%emt 00:00:22]} 5. c3 {[%clk 01:26:53]} {[%emt 00:04:41]}
g6 {[%clk 01:30:02]} {[%emt 00:00:45]} 6. d4 {[%clk 01:18:14]} {[%emt
00:09:09]} Bd7 {[%clk 01:30:03]} {[%emt 00:00:29]} 7. O-O {[%clk 01:15:33]}
{[%emt 00:03:11]} Bg7 {[%clk 01:30:27]} {[%emt 00:00:07]} 8. d5 {[%clk
01:04:16]} {[%emt 00:11:47]} Nce7 {[%clk 01:29:48]} {[%emt 00:01:09]} 9. c4
{[%clk 01:01:10]} {[%emt 00:03:35]} h6 {[%clk 01:29:18]} {[%emt 00:01:00]} 10.
Ne1 {[%clk 00:53:46]} {[%emt 00:07:54]} f5 {[%clk 01:26:34]} {[%emt 00:03:14]}
11. f3 {[%clk 00:50:54]} {[%emt 00:03:22]} Nf6 {[%clk 01:23:35]} {[%emt
00:03:30]} 12. Nc3 {[%clk 00:49:55]} {[%emt 00:01:29]} f4 {[%clk 01:10:43]}
{[%emt 00:13:21]} 13. Nd3 {[%clk 00:49:16]} {[%emt 00:01:09]} g5 {[%clk
01:04:20]} {[%emt 00:06:53]} 14. c5 {[%clk 00:41:41]} {[%emt 00:08:05]} O-O
{[%clk 01:02:35]} {[%emt 00:02:14]} 15. Bd2 {[%clk 00:31:41]} {[%emt 00:10:30]}
h5 {[%clk 00:58:29]} {[%emt 00:04:36]} 16. Rc1 {[%clk 00:27:54]} {[%emt
00:04:18]} Bc8 {[%clk 00:26:16]} {[%emt 00:32:43]} 17. Qc2 {[%clk 00:25:16]}
{[%emt 00:03:08]} Ng6 {[%clk 00:26:23]} {[%emt 00:00:23]} 18. Nd1 {[%clk
00:22:31]} {[%emt 00:03:15]} Rf7 {[%clk 00:25:48]} {[%emt 00:01:05]} 19. cxd6
{[%clk 00:16:15]} {[%emt 00:06:46]} cxd6 {[%clk 00:26:03]} {[%emt 00:00:15]} 20.
Qc3 {[%clk 00:14:00]} {[%emt 00:02:45]} g4 {[%clk 00:25:03]} {[%emt 00:01:30]}
21. Qa5 {[%clk 00:10:58]} {[%emt 00:03:31]} b6 {[%clk 00:24:42]} {[%emt
00:00:51]} 22. Qb4 {[%clk 00:10:32]} {[%emt 00:00:56]} b5 {[%clk 00:24:09]}
{[%emt 00:01:04]} 23. Bb3 {[%clk 00:10:35]} {[%emt 00:00:26]} a5 {[%clk
00:24:15]} {[%emt 00:00:24]} 24. Qc3 {[%clk 00:05:04]} {[%emt 00:06:02]} h4
{[%clk 00:08:12]} {[%emt 00:16:33]} 25. N1f2 {[%clk 00:02:45]} {[%emt
00:02:49]} Bf8 {[%clk 00:02:27]} {[%emt 00:06:15]} 26. h3 {[%clk 00:02:26]}
{[%emt 00:00:49]} g3 {[%clk 00:01:54]} {[%emt 00:01:03]} 27. Nd1 {[%clk
00:01:13]} {[%emt 00:01:44]} Nh7 {[%clk 00:02:00]} {[%emt 00:00:24]} 28. a4
{[%clk 00:00:36]} {[%emt 00:01:07]} b4 {[%clk 00:02:18]} {[%emt 00:00:12]} 29.
Qc2 {[%clk 00:00:40]} {[%emt 00:00:26]} Ng5 {[%clk 00:02:38]} {[%emt 00:00:09]}
30. Bc4 {[%clk 00:00:37]} {[%emt 00:00:33]} Nxh3+ {[%clk 00:00:51]} {[%emt
00:02:17]} 31. gxh3 {[%clk 00:01:05]} {[%emt 00:00:02]} Bxh3 {[%clk 00:01:19]}
{[%emt 00:00:02]} 32. Ne1 {[%clk 00:01:01]} {[%emt 00:00:34]} Rc8 {[%clk
00:00:47]} {[%emt 00:01:02]} 33. Qd3 {[%clk 00:00:54]} {[%emt 00:00:37]} Rfc7
{[%clk 00:00:48]} {[%emt 00:00:29]} 34. b3 {[%clk 00:00:36]} {[%emt 00:00:48]}
Bd7 {[%clk 00:01:04]} {[%emt 00:00:14]} 35. Nb2 {[%clk 00:00:51]} {[%emt
00:00:15]} h3 {[%clk 00:01:29]} {[%emt 00:00:05]} 36. Rd1 {[%clk 00:00:40]}
{[%emt 00:00:40]} Qh4 {[%clk 00:01:44]} {[%emt 00:00:15]} 37. Qe2 {[%clk
00:00:33]} {[%emt 00:00:37]} Qh5 {[%clk 00:01:08]} {[%emt 00:01:05]} 38. Ba6
{[%clk 00:00:39]} {[%emt 00:00:25]} Nh4 {[%clk 00:01:19]} {[%emt 00:00:19]} 39.
Bxc8 {[%clk 00:00:42]} {[%emt 00:00:27]} Bxc8 {[%clk 00:01:48]} 40. Rc1 {[%clk
00:00:41]} {[%emt 00:00:31]} Rxc1 {[%clk 00:01:26]} {[%emt 00:00:51]} 41. Bxc1
{[%clk 00:00:51]} {[%emt 00:00:21]} g2 {[%clk 00:29:54]} {[%emt 00:02:02]} 42.
Kf2 {[%clk 00:10:38]} {[%emt 00:20:43]} Qg5 {[%clk 00:24:37]} {[%emt 00:05:46]}
43. Kg1 {[%clk 00:06:28]} {[%emt 00:04:40]} h2+ {[%clk 00:24:24]} {[%emt
00:00:43]} 44. Kxh2 {[%clk 00:06:52]} {[%emt 00:00:07]} Qg3+ {[%clk 00:24:46]}
{[%emt 00:00:06]} 45. Kg1 {[%clk 00:07:18]} {[%emt 00:00:04]} gxf1=R+ {[%clk
00:25:09]} {[%emt 00:00:10]} 0-1

[Event "Hoogeveen Open"]
[Site "Hoogeveen, Netherlands"]
[Date "2018.10.21"]
[Round "2.14"]
[White "Buckels, Valentin"]
[Black "Elgersma, Onno"]
[Result "1/2-1/2"]
[WhiteElo "2413"]
[BlackElo "2223"]

1. Nf3 {[%clk 01:30:55]} {[%emt 00:00:04]} Nf6 {[%clk 01:30:42]} {[%emt
00:00:20]} 2. g3 {[%clk 01:31:05]} {[%emt 00:00:19]} e6 {[%clk 01:30:50]}
{[%emt 00:00:23]} 3. Bg2 {[%clk 01:31:25]} {[%emt 00:00:10]} d5 {[%clk
01:31:01]} {[%emt 00:00:19]} 4. O-O {[%clk 01:31:42]} {[%emt 00:00:12]} Be7
{[%clk 01:31:06]} {[%emt 00:00:26]} 5. c4 {[%clk 01:31:58]} {[%emt 00:00:14]}
O-O {[%clk 01:31:10]} {[%emt 00:00:26]} 6. b3 {[%clk 01:30:25]} {[%emt
00:02:03]} c5 {[%clk 01:28:19]} {[%emt 00:03:21]} 7. Bb2 {[%clk 01:29:59]}
{[%emt 00:00:55]} b6 {[%clk 01:27:19]} {[%emt 00:01:30]} 8. cxd5 {[%clk
01:30:10]} {[%emt 00:00:19]} Nxd5 {[%clk 01:25:27]} {[%emt 00:02:23]} 9. d4
{[%clk 01:30:34]} {[%emt 00:00:06]} Bb7 {[%clk 01:22:56]} {[%emt 00:03:00]} 10.
e4 {[%clk 01:30:10]} {[%emt 00:00:54]} Nf6 {[%clk 01:18:26]} {[%emt 00:05:00]}
11. Nbd2 {[%clk 01:25:38]} {[%emt 00:05:02]} Nxe4 {[%clk 01:06:37]} {[%emt
00:12:19]} 12. Ne5 {[%clk 01:10:27]} {[%emt 00:15:41]} Nd6 {[%clk 01:05:00]}
{[%emt 00:02:07]} 13. dxc5 {[%clk 01:07:31]} {[%emt 00:03:25]} bxc5 {[%clk
01:02:19]} {[%emt 00:03:12]} 14. Qg4 {[%clk 01:06:30]} {[%emt 00:01:31]} f5
{[%clk 00:57:56]} {[%emt 00:04:53]} 15. Qe2 {[%clk 01:06:37]} {[%emt 00:00:22]}
Bxg2 {[%clk 00:55:37]} {[%emt 00:02:50]} 16. Kxg2 {[%clk 01:07:05]} {[%emt
00:00:02]} Qc8 {[%clk 00:53:55]} {[%emt 00:02:12]} 17. Rac1 {[%clk 00:59:44]}
{[%emt 00:07:50]} Bf6 {[%clk 00:50:44]} {[%emt 00:03:41]} 18. Ba3 {[%clk
00:52:21]} {[%emt 00:07:54]} Na6 {[%clk 00:47:37]} {[%emt 00:03:36]} 19. Nd3
{[%clk 00:50:51]} {[%emt 00:01:59]} Nb5 {[%clk 00:43:16]} {[%emt 00:04:52]} 20.
Nxc5 {[%clk 00:44:17]} {[%emt 00:07:03]} Nac7 {[%clk 00:29:14]} {[%emt
00:14:31]} 21. Nb1 {[%clk 00:38:28]} {[%emt 00:06:19]} Nd4 {[%clk 00:26:08]}
{[%emt 00:03:35]} 22. Qc4 {[%clk 00:33:56]} {[%emt 00:05:03]} Nd5 {[%clk
00:24:31]} {[%emt 00:02:08]} 23. Qa6 {[%clk 00:26:22]} {[%emt 00:08:04]} Qe8
{[%clk 00:19:32]} {[%emt 00:05:29]} 24. Rcd1 {[%clk 00:19:48]} {[%emt
00:07:04]} Nf4+ {[%clk 00:03:13]} {[%emt 00:16:48]} 25. gxf4 {[%clk 00:18:00]}
{[%emt 00:02:17]} Qg6+ {[%clk 00:03:33]} {[%emt 00:00:11]} 26. Kh1 {[%clk
00:18:25]} {[%emt 00:00:05]} Nf3 {[%clk 00:03:54]} {[%emt 00:00:09]} 27. h3
{[%clk 00:09:36]} {[%emt 00:09:19]} Qh5 {[%clk 00:03:47]} {[%emt 00:00:36]} 28.
Kg2 {[%clk 00:09:50]} {[%emt 00:00:15]} Nh4+ {[%clk 00:03:58]} {[%emt
00:00:19]} 29. Kh2 {[%clk 00:10:07]} {[%emt 00:00:13]} Qf3 {[%clk 00:03:15]}
{[%emt 00:01:13]} 30. Qb7 {[%clk 00:04:46]} {[%emt 00:05:52]} Qxf4+ {[%clk
00:03:22]} {[%emt 00:00:22]} 31. Kg1 {[%clk 00:05:01]} {[%emt 00:00:14]} Nf3+
{[%clk 00:01:47]} {[%emt 00:02:05]} 32. Kg2 {[%clk 00:05:27]} {[%emt 00:00:04]}
Nh4+ {[%clk 00:01:19]} {[%emt 00:00:58]} 33. Kg1 {[%clk 00:05:56]} Nf3+ {[%clk
00:00:48]} {[%emt 00:01:02]} 34. Kg2 {[%clk 00:06:22]} {[%emt 00:00:04]} Nh4+
{[%clk 00:00:50]} {[%emt 00:00:28]} 1/2-1/2